[Event "Magnus Carlsen Invitational 2021"]
[Site "Online"]
[Date "2021.03.10"]
[Round "9.4"]
[White "Vachier-Lagrave, Maxime"]
[Black "Pichot, Alan"]
[Result "1-0"]
[WhiteElo "2860"]
[BlackElo "2548"]
[Annotator "TA"]
[PlyCount "97"]
[EventDate "2021.03.13"]
[EventType "tourn"]
[EventCountry "NET"]
[SourceTitle "playchess.com"]
[Source "ChessBase"]
[SourceQuality "1"]

{[%evp 9,97,0,4,-6,6,-3,0,0,69,62,66,48,52,64,83,45,53,44,38,30,37,39,69,65,75,48,68,42,39,42,50,63,66,66,83,78,89,38,107,104,139,105,122,83,92,70,103,83,113,83,83,83,135,122,121,96,165,165,169,168,186,178,186,91,95,95,101,98,143,129,158,155,191,191,191,189,191,191,321,317,300,217,349,283,304,270,304,280,5873,5289]} 1. d4 Nf6 2. Bf4 d5 3. e3 c5 4. c3 Qb6 5. Qb3 c4 6. Qc2 {D00: 1 d4 d5: Unusual lines.} g6 7. Nd2 Bg7 {[#]} 8. e4 $146 {The position is equal.} ({Predecessor:} 8. h3 O-O 9. Ngf3 Nc6 10. Be2 Bf5 11. Qc1 a5 12. a4 Nd7 13. e4 dxe4 14. Nxc4 {½-½ (27) Grube,F (2336)-Sueess,F (2242) ICCF email 2017}) 8... e6 (8... O-O $11) 9. e5 Nfd7 10. b3 cxb3 11. axb3 O-O 12. Ngf3 f6 13. exf6 Nxf6 14. Bd3 Nc6 {[%cal Bb8c6,Bc6e7,Be7f5][%mdl 32]} 15. O-O Nh5 16. Be3 Nf4 17. b4 (17. Bxf4 $5 Rxf4 18. b4 $14) 17... Bd7 18. Nb3 Nxd3 19. Qxd3 Ne7 20. Rfe1 Rxf3 21. gxf3 Rf8 22. Bg5 Nf5 23. Nc5 ({Better is} 23. Ra5 $16) 23... Bc8 ({Black should try} 23... Bb5 $14 24. Qd1 Re8) 24. Re2 h6 25. Bd2 a6 26. Rae1 {[%cal Rc5e6]} Rf6 27. Kh1 Qd6 28. f4 Kh7 29. Qh3 b6 30. Nd3 a5 (30... Rf8 $142) 31. bxa5 $16 bxa5 32. Nc5 Qb6 {[#]} (32... Bf8 $16) 33. Qd3 $1 $18 Bf8 34. Rb1 Qc7 35. Qb5 Bd6 36. Nd3 (36. Ra1 $18 {has better winning chances.}) 36... Rf7 $16 37. Ne5 Rg7 38. Be1 g5 39. fxg5 {Strongly threatening g6+.} Rxg5 40. f4 Rg8 41. Rbb2 Bxe5 (41... Qg7 $2 42. Rg2 $18) 42. fxe5 (42. Rxe5 $6 a4 $14) 42... Rg5 43. Rg2 Qf7 (43... Rxg2 {was called for.} 44. Kxg2 (44. Rxg2 Bd7 $18) 44... Qg7+ 45. Bg3 Bd7) 44. Rxg5 $18 ({Less strong is} 44. Qxa5 Rxg2 45. Rxg2 Nxd4 $16) 44... hxg5 45. Rg2 ({Not} 45. Qxa5 Nxd4 46. Rf2 Nf3 $16) 45... Qg6 (45... Qh5 $142 46. Qd3 (46. Qxa5 Qd1 $11) 46... Bd7) 46. Qe2 a4 47. h4 a3 48. Rxg5 Qh6 {[#]} (48... Qe8 49. Bg3 Bd7) 49. Rh5 {Weighted Error Value: White=0.16/Black=0.23} 1-0

[Event "Magnus Carlsen Invitational 2021"]
[Site "Online"]
[Date "2021.03.10"]
[Round "9.5"]
[White "Firouzja, Alireza"]
[Black "Radjabov, Teimour"]
[Result "1-0"]
[WhiteElo "2703"]
[BlackElo "2758"]
[Annotator "TA"]
[PlyCount "63"]
[EventDate "2021.03.13"]
[EventType "tourn"]
[EventCountry "NET"]
[SourceTitle "playchess.com"]
[Source "ChessBase"]
[SourceQuality "1"]

{[%evp 23,63,54,79,63,72,39,47,56,71,63,48,58,85,0,0,0,4,0,9,14,59,66,37,66,189,190,188,189,191,177,181,139,143,143,135,126,594,594,843,821,1500,1500]} 1. d4 Nf6 2. Nf3 g6 3. c4 Bg7 4. Nc3 O-O 5. e4 d6 6. Be2 e5 7. O-O Nc6 8. d5 Ne7 9. Ne1 Nd7 10. Nd3 f5 11. f3 f4 12. b4 g5 13. c5 {E99: King's Indian: Classical Main Line: 9 Ne1 Nd7 10 f3 f5.} Rf6 14. a4 Rg6 {[#]} 15. Kh1 $146 {White is slightly better.} ({Predecessor:} 15. Ba3 Nf6 16. Nf2 h5 17. h3 Kh7 18. Kh2 g4 19. fxg4 hxg4 20. hxg4 Neg8 21. Rh1 {0-1 (38) Youngworth,P (2295)-Root,D (2400) Phoenix 1981}) 15... a6 16. Rg1 Nf6 17. Nf2 Nh5 18. g3 (18. Rf1 $16) 18... Rh6 $1 $11 19. Kg2 Nf6 20. a5 Qe8 21. Rh1 Qg6 (21... Bd7 {is more complex.} 22. Na4 Nc8 23. Bb2 Rb8 24. g4 Rh4) 22. cxd6 cxd6 23. Na4 fxg3 ({Better is} 23... g4 $14) 24. hxg3 $18 {Threatens to win with Rxh6.} Rxh1 25. Qxh1 g4 26. Nb6 Rb8 27. Ra3 h5 {[#]} 28. Qh4 $1 gxf3+ 29. Bxf3 ({And not} 29. Rxf3 Bg4 $15) 29... Bh6 $2 {[%mdl 8192] [#]} (29... Bg4 $16) 30. Bxh5 $1 {[%mdl 512] White is clearly winning.} Nxh5 (30... Qxh5 31. Qxh5) 31. Bxh6 Qf7 32. Rf3 {Weighted Error Value: White=0.14/Black=0.49} 1-0

[Event "Magnus Carlsen Invitational 2021"]
[Site "Online"]
[Date "2021.03.10"]
[Round "9.7"]
[White "Anton Guijarro, David"]
[Black "Nepomniachtchi, Ian"]
[Result "0-1"]
[WhiteElo "2674"]
[BlackElo "2778"]
[Annotator "TA"]
[PlyCount "84"]
[EventDate "2021.03.13"]
[EventType "tourn"]
[EventCountry "NET"]
[SourceTitle "playchess.com"]
[Source "ChessBase"]
[SourceQuality "1"]

{[%evp 10,84,21,19,33,15,39,29,37,13,17,13,50,21,71,64,75,67,76,69,105,76,103,114,118,107,100,106,129,126,124,108,108,115,118,109,104,113,140,142,142,135,137,129,125,-29,-34,-52,-57,-133,-124,-156,-144,-170,-177,-238,-256,-243,-241,-235,-202,-365,-355,-338,-327,-605,-596,-596,-596,-585,-585,-644,-641,-635,-611,-705,-422]} 1. d4 Nf6 2. c4 g6 3. Nf3 Bg7 4. e3 d6 5. Nc3 O-O 6. Be2 Re8 {E61: King's Indian: Early deviations for White, including Smyslov System.} 7. O-O Nc6 8. d5 $5 {[%mdl 4] [#] Leaves trodden paths.} Nb4 $146 {White has an edge.} ({Predecessor:} 8... Nb8 9. Qc2 e5 10. dxe6 Bxe6 11. Nd4 Bd7 12. b3 Nc6 13. Bb2 Nxd4 14. exd4 Bf5 15. Bd3 Bxd3 16. Qxd3 Qd7 17. d5 a6 18. Rae1 Rxe1 19. Rxe1 Re8 20. Rxe8+ Qxe8 21. Qe2 Qxe2 {½-½ (21) Schiller,E (2199)-Ciruk,J (2240) Dos Hermanas 2003}) 9. a3 Na6 10. Nd4 Bd7 11. e4 c5 12. Nc2 e6 13. dxe6 Bxe6 14. Bg5 h6 15. Bf4 Qb6 16. Rb1 ({Don't play} 16. Bxd6 $6 Red8 $11) (16. Qxd6 Qxb2 17. Qd3 Nh5 $15) 16... Rad8 17. Qd2 Kh7 18. Rfd1 Nb8 19. b4 $1 cxb4 20. axb4 Qc6 21. b5 (21. Bxd6 $6 Ng8 $11) 21... Qc8 22. Ne3 Nbd7 23. Bxd6 ({Much worse is} 23. Qxd6 $6 Nc5 $11) 23... Nc5 24. Qc2 Nfd7 25. f3 Ne5 26. f4 Ned3 27. e5 ({Better is} 27. Bxd3 $16 Bd4 28. Bxc5 Qxc5 29. Kh1 $1 Bxe3 30. Nd5) 27... Nxf4 $11 {Threatens to win with ...Rxd6!} 28. Bf3 {[#]} Nfd3 $1 29. Ne4 ({Don't blunder} 29. Rxd3 $2 Nxd3 30. Qxd3 {[#]} Bxe5 $1 $19) (29. Na4 $15) (29. b6 axb6) 29... Nxe4 $17 30. Bxe4 Nxe5 31. c5 f5 32. Bd5 (32. Bf3 {was necessary.}) 32... Bxd5 $19 33. Rxd5 Nf7 34. Nc4 Re4 {...Bd4+ is the strong threat.} 35. Qd3 {[#]} (35. Rbd1) 35... Rxc4 $1 {[%mdl 512]} 36. Qxc4 {Black must now prevent Bg3.} Nxd6 37. Qd3 (37. Qh4 Nf7 38. Rxd8 Qxc5+ 39. Kf1) 37... Ne4 {Strongly threatening ...Rxd5.Black is clearly winning.} (37... Nf7 $2 38. Rxd8 Nxd8 39. Qd5 $19) 38. Rc1 Rxd5 39. Qxd5 Nc3 40. Qc4 Qe8 {( -> ...Qe3+)} 41. Kf1 Nxb5 42. Qd5 Qc6 {Weighted Error Value: White=0.33/Black=0.07} 0-1

[Event "Magnus Carlsen Invitational 2021"]
[Site "Online"]
[Date "2021.03.10"]
[Round "9.8"]
[White "Grandelius, Nils"]
[Black "Mamedyarov, Shakhriyar"]
[Result "0-1"]
[WhiteElo "2632"]
[BlackElo "2761"]
[Annotator "TA"]
[PlyCount "72"]
[EventDate "2021.03.13"]
[EventType "tourn"]
[EventCountry "NET"]
[SourceTitle "playchess.com"]
[Source "ChessBase"]
[SourceQuality "1"]

{[%evp 16,72,35,22,50,27,91,58,58,42,49,59,40,10,25,-27,47,0,31,0,0,0,0,0,0,0,63,54,72,0,0,-67,-65,-64,-17,-56,-50,-103,-93,-103,-108,-105,-120,-103,-99,-259,-248,-258,-254,-256,-250,-249,-250,-250,-264,-254,-252,-379,-343]} 1. e4 c5 2. Nf3 e6 3. d4 cxd4 4. Nxd4 Nf6 5. Nc3 Nc6 6. Nxc6 bxc6 7. e5 Nd5 8. Ne4 Qc7 9. f4 Rb8 {B45: Sicilian Four Knights.} 10. Bd3 Be7 $5 {[%mdl 4] Leaves trodden paths.} (10... Qb6 $11) 11. O-O O-O {White is slightly better.} 12. c4 {[#]} f5 $146 ({Predecessor:} 12... Qb6+ 13. Kh1 Ne3 14. Bxe3 Qxe3 15. Rf3 Qd4 16. Nf6+ Kh8 17. Nxh7 Rd8 {1-0 (31) Kucypera,M (2045)-Zdziarska,L (1991) Wroclaw 2007}) 13. exf6 $1 Nxf6 14. Qc2 h6 15. c5 (15. Kh1 $142) 15... Nd5 (15... Nxe4 $11 16. Bxe4 Qa5) 16. Qf2 Nb4 17. Bb1 Ba6 18. Rd1 Nd5 {[%cal Rd5f4]} 19. g3 Qa5 $36 {[%mdl 2048] Black fights for an advantage.} 20. a3 Qa4 (20... Bc4 $11) 21. Bc2 $14 Qc4 22. b3 (22. b4 $16) 22... Qe2 $11 23. Qxe2 ({White should play} 23. b4 $11) 23... Bxe2 $15 24. Re1 {[%cal Re1e2]} Bg4 25. Bd2 Bf5 26. b4 {[#]} (26. Kg2 $15) 26... a5 $1 $17 {[%cal Ra5b4]} 27. Rab1 axb4 28. axb4 Rb7 29. Bd3 Rfb8 {[%cal Rd5b4]} 30. Ba6 $2 {White does not recover from this.} (30. Nf2 $17) 30... Bxe4 $19 31. Rxe4 {[#]} Bxc5+ $1 {[%mdl 512]} 32. Kg2 {[#]} (32. Kf1 Rb6) 32... Rb6 33. Bc4 (33. Bd3 Bxb4) 33... Bxb4 34. Bxd5 {[%cal Re4b4]} Bxd2 {[%mdl 64] Discovered Attack} 35. Rxb6 Rxb6 36. Ba2 (36. Bc4 $142) 36... Rb2 {Weighted Error Value: White=0.28/Black=0.20} 0-1

[Event "Magnus Carlsen Invitational 2021"]
[Site "Online"]
[Date "2021.03.10"]
[Round "10.1"]
[White "Giri, Anish"]
[Black "Mamedyarov, Shakhriyar"]
[Result "1-0"]
[WhiteElo "2731"]
[BlackElo "2761"]
[Annotator "TA"]
[PlyCount "93"]
[EventDate "2021.03.13"]
[EventType "tourn"]
[EventCountry "NET"]
[SourceTitle "playchess.com"]
[Source "ChessBase"]
[SourceQuality "1"]

{[%evp 17,93,23,37,17,13,18,24,13,9,10,42,8,23,14,34,42,50,45,100,42,35,31,26,30,103,104,119,109,106,109,110,104,162,107,101,106,110,106,111,112,112,112,110,82,92,83,83,32,112,99,133,129,159,77,195,120,120,120,127,119,127,98,97,77,85,83,72,74,127,127,127,116,120,120,127,127,570,527]} 1. e4 c5 2. Nf3 e6 3. d4 cxd4 4. Nxd4 Nf6 5. Nc3 Nc6 6. Ndb5 Bb4 7. a3 Bxc3+ 8. Nxc3 d5 9. Bd3 O-O 10. O-O {B45: Sicilian Four Knights.} d4 11. Ne2 e5 12. h3 {White has an edge.} Re8 13. b4 {[#]} Nd7 $146 ({Predecessor:} 13... b6 14. Bb2 a6 15. f4 exf4 16. Rxf4 Nh5 17. Rf2 Nf6 18. Nxd4 Nxd4 19. e5 Rxe5 20. Bxd4 {1-0 (54) Eynullayev,A (2271)-Davtyan,D (1907) Poti 2017}) 14. f4 exf4 15. Bxf4 Nde5 16. b5 Na5 17. Rb1 Nec4 (17... Nac4 $14) 18. Bxc4 (18. Qe1 $16) 18... Nxc4 $14 19. Qd3 Be6 20. Nxd4 Nxa3 21. Rb4 $16 ({Not} 21. Qxa3 Qxd4+ 22. Qe3 Qxe3+ 23. Bxe3 a5 $15) 21... Bc4 22. Rxc4 Nxc4 23. Qxc4 {Hoping for Nf5.} Rxe4 {White must now prevent ...Rc8.} 24. c3 a6 (24... g6 $16 {was worth a try.} 25. Bd2 Qd7) 25. bxa6 (25. Bg3 $18 Qd7 26. Qd3) 25... Rxa6 26. Bg3 Qd7 27. Kh2 h6 28. Qd3 Re8 29. Rf5 Rg6 30. Qf3 Rg5 31. Rf4 b5 32. Bh4 ({White should play} 32. Bf2 $16) 32... Rg6 (32... Rc5 $14) 33. Nf5 Kh7 {[#]} 34. Bf2 $1 Qc7 35. Bg3 (35. Bd4 $142) 35... Qc6 {[#]} (35... Rc8 $16 {was necessary.}) 36. Nd4 ({Better is} 36. Qd3 $1 $18) 36... Qxf3 37. Rxf3 Rb6 38. Rxf7 b4 39. cxb4 Rxb4 40. Rd7 (40. Nf3 {feels hotter.} Rbe4 41. Bd6 Re2 42. Bc5 Kg8 43. Rd7) 40... Rb2 41. Nf5 Kg6 42. Ne7+ ({Much worse is} 42. Nxg7 Ree2 $11) 42... Kh7 (42... Kf6 $142) 43. h4 Re2 44. Nd5 {Nf6+ is the strong threat.} Kg8 45. Kh3 Rf8 46. Nf4 Rfe8 {[%mdl 8192]} (46... Ree8 $16 {is tougher.} 47. Ng6 Rf7) 47. Nxe2 {Weighted Error Value: White=0.14/Black=0.40} 1-0

[Event "Magnus Carlsen Invitational 2021"]
[Site "Online"]
[Date "2021.03.10"]
[Round "10.2"]
[White "Nepomniachtchi, Ian"]
[Black "Grandelius, Nils"]
[Result "1/2-1/2"]
[WhiteElo "2778"]
[BlackElo "2632"]
[Annotator "TA"]
[PlyCount "88"]
[EventDate "2021.03.13"]
[EventType "tourn"]
[EventCountry "NET"]
[SourceTitle "playchess.com"]
[Source "ChessBase"]
[SourceQuality "1"]

{[%evp 9,88,-10,0,-19,4,0,6,7,37,25,25,33,35,32,35,26,26,27,25,0,0,6,0,0,13,0,0,-27,-38,-90,-92,-111,-111,-111,-118,-118,-117,-139,-122,-127,-129,-131,-104,-120,-107,-116,-111,-115,-45,-43,-42,-55,-16,-16,-16,-20,-16,-18,-16,-16,0,-9,0,0,0,0,0,0,0,0,0,0,0,-7,0,0,0,0,0,0,0]} 1. b3 d5 2. Bb2 Bg4 3. f3 Bh5 4. h4 f6 5. d4 e6 6. e3 {A01: Nimzowitsch-Larsen Opening.} Bd6 7. Ne2 Ne7 8. Nbc3 c6 9. Qd2 Nd7 10. O-O-O Qc7 11. g4 Bf7 12. h5 O-O-O 13. Kb1 Kb8 {[#]} 14. Nc1 $146 ({Predecessor:} 14. Bg2 a6 15. e4 e5 16. exd5 cxd5 17. dxe5 fxe5 18. Ne4 dxe4 19. Qxd6 Qxd6 20. Rxd6 {½-½ (33) Johansen,D (2487)-Speelman,J (2583) Catalan Bay 2003}) 14... e5 15. Nd3 f5 16. dxe5 Nxe5 17. Nxe5 Bxe5 18. f4 {[#] Strongly threatening Nb5.} d4 $1 19. exd4 ({Better is} 19. Ne4 $15) 19... Bxf4 $17 ({But not} 19... Rxd4 $6 20. Bd3 $11) 20. Qf2 fxg4 21. Ne2 Nd5 22. Nxf4 Qxf4 23. Qxf4+ Nxf4 24. Bc4 Bxc4 25. bxc4 Rhe8 26. Rhg1 Nxh5 {Threatens to win with ...Nf6.} 27. Rxg4 Rd7 28. d5 Nf6 (28... g6 $17 29. d6 Ng7) 29. Bxf6 $15 gxf6 {[%mdl 4096] Endgame KRR-KRR} 30. Rf4 Re5 31. Rxf6 {The position is equal.} cxd5 32. Rh6 d4 33. Kb2 Rc5 34. Kb3 Rc6 35. Rdh1 Rxh6 36. Rxh6 $11 {KR-KR} d3 37. cxd3 Rxd3+ 38. Kb4 Rd7 39. a4 Kc7 40. a5 Rg7 41. a6 bxa6 42. Rxa6 Kb7 43. Rh6 Rf7 44. Kb5 a6+ {Weighted Error Value: White=0.06/Black=0.07} 1/2-1/2

[Event "Magnus Carlsen Invitational 2021"]
[Site "Online"]
[Date "2021.03.10"]
[Round "10.3"]
[White "Karjakin, Sergey"]
[Black "Anton Guijarro, David"]
[Result "1-0"]
[WhiteElo "2709"]
[BlackElo "2674"]
[Annotator "RC"]
[PlyCount "137"]
[EventDate "2021.03.13"]
[EventType "tourn"]
[EventCountry "NET"]
[SourceTitle "playchess.com"]
[Source "ChessBase"]
[SourceQuality "1"]
[TimeControl "900+10"]

1. d4 {[%emt 0:00:00]} Nf6 {[%emt 0:00:00]} 2. Bf4 {[%emt 0:00:00]} e6 {[%emt 0:00:04]} 3. e3 {[%emt 0:00:02]} b6 {[%emt 0:00:04]} 4. Nf3 {[%emt 0:00:07]} Bb7 {[%emt 0:00:04]} 5. Be2 {[%emt 0:00:35]} h6 {[%emt 0:00:23]} 6. h3 {[%emt 0:00:30]} Bd6 {[%emt 0:00:03]} 7. Bxd6 {[%emt 0:00:29]} cxd6 {[%emt 0:00:02]} 8. O-O {[%emt 0:00:09]} d5 {[%emt 0:00:07]} 9. a4 {[%emt 0:00:23]} Nc6 {[%emt 0:00:02]} 10. c3 {[%emt 0:01:30]} O-O {[%emt 0:00:06]} 11. Nbd2 {[%emt 0:00:11]} Ne4 {[%emt 0:00:13]} 12. Nb3 {[%emt 0:01:04]} a5 {[%emt 0:00:54]} 13. Bb5 {[%emt 0:01:17]} f5 {[%emt 0:00:58]} 14. Nc1 {[%emt 0:00:50]} Nd6 {[%emt 0:01:08]} 15. Ne2 {[%emt 0:01:42]} Nxb5 {[%emt 0:01:51]} 16. axb5 {[%emt 0:00:02]} Ne7 {[%emt 0:00:01]} 17. h4 {[%emt 0:01:33]} Qc7 {[%emt 0:02:06]} 18. Nf4 {[%emt 0:00:06]} Kh7 {[%emt 0:01:53]} 19. Ra4 {[%emt 0:00:40]} Rf6 {[%emt 0:00:40]} 20. Qe2 {[%emt 0:00:41]} Ng6 {[%emt 0:00:43]} 21. g3 {[%emt 0:01:45]} Nxf4 {[%emt 0:00:51]} 22. exf4 {[%emt 0:00:00]} d6 {[%emt 0:00:13]} 23. Rfa1 {[%emt 0:00:15]} Bc8 {[%emt 0:00:19]} 24. Qd3 {[%emt 0:01:49]} Bd7 {[%emt 0:00:38]} 25. b4 {[%emt 0:00:05]} Rff8 {[%emt 0:00:24]} 26. Nd2 {[%emt 0:00:09]} Rfc8 {[%emt 0:00:43]} 27. R4a3 {[%emt 0:00:01]} Qd8 {[%emt 0:01:32]} 28. bxa5 {[%emt 0:01:59]} Rxa5 {[%emt 0:00:32]} 29. Rxa5 {[%emt 0:00:03]} bxa5 {[%emt 0:00:00]} 30. Nb1 {[%emt 0:00:08]} Qc7 {[%emt 0:00:23]} 31. Ra2 {[%emt 0:00:43]} Kg8 {[%emt 0:00:34]} 32. Rb2 {[%emt 0:00:03]} Qb6 {[%emt 0:00:35]} 33. Na3 {[%emt 0:00:06]} Qb7 {[%emt 0:00:40]} 34. b6 {[%emt 0:00:42]} a4 {[%emt 0:00:42]} 35. Kh2 {[%emt 0:00:49]} Rc6 {[%emt 0:00:20]} 36. Qb5 {[%emt 0:00:03]} Rxc3 {[%emt 0:00:05]} 37. Qb4 {[%emt 0:00:03]} Rc1 {[%emt 0:00:35]} 38. Qxd6 {[%emt 0:00:06]} Kh7 {[%emt 0:00:27]} 39. Qb4 {[%emt 0:00:31]} Be8 {[%emt 0:00:12]} 40. Rc2 {[%emt 0:00:13]} Rxc2 {[%emt 0:00:14]} 41. Nxc2 {[%emt 0:00:00]} Bc6 {[%emt 0:00:02]} 42. Kg2 {[%emt 0:00:17]} Qa6 {[%emt 0:00:03]} 43. Qd6 {[%emt 0:00:18]} Qxb6 {[%emt 0:00:09]} 44. Qxe6 {[%emt 0:00:02]} Qb7 {[%emt 0:00:09]} 45. Qxf5+ {[%emt 0:00:02]} Kg8 {[%emt 0:00:13]} 46. Qe6+ {[%emt 0:00:02]} Kh8 {[%emt 0:00:05]} 47. f5 {[%emt 0:00:03]} Qd7 {[%emt 0:00:11]} 48. Qe5 {[%emt 0:00:34]} Qf7 {[%emt 0:00:10]} 49. g4 {[%emt 0:00:04]} Kh7 {[%emt 0:00:09]} 50. Kg3 {[%emt 0:00:09]} Bd7 {[%emt 0:00:08]} 51. Kf4 {[%emt 0:00:09]} Kh8 {[%emt 0:00:18]} 52. Qb8+ {[%emt 0:00:11]} Kh7 {[%emt 0:00:02]} 53. Qd6 {[%emt 0:00:02]} Qe8 {[%emt 0:00:08]} 54. f3 {[%emt 0:00:03]} Qe2 {[%emt 0:00:11]} 55. Qg6+ {[%emt 0:00:20]} Kh8 {[%emt 0:00:05]} 56. f6 {[%emt 0:00:01]} Qh2+ {[%emt 0:00:26]} 57. Ke3 {[%emt 0:00:03]} Qg1+ {[%emt 0:00:15]} 58. Kd2 {[%emt 0:00:02]} Qh2+ {[%emt 0:00:01]} 59. Kd3 {[%emt 0:00:34]} Bb5+ {[%emt 0:00:17]} 60. Kc3 {[%emt 0:00:02]} Qc7+ {[%emt 0:00:01]} 61. Kb4 {[%emt 0:00:06]} gxf6 {[%emt 0:00:24]} 62. Qxh6+ {[%emt 0:00:10]} Kg8 {[%emt 0:00:02]} 63. Qg6+ {[%emt 0:00:01]} Kh8 {[%emt 0:00:01]} 64. Qxf6+ {[%emt 0:00:03]} Kh7 {[%emt 0:00:02]} 65. Qf5+ {[%emt 0:00:04]} Kh6 {[%emt 0:00:13]} 66. Qh5+ {[%emt 0:00:27]} Kg7 {[%emt 0:00:02]} 67. Qe5+ {[%emt 0:00:01]} Qxe5 {[%emt 0:00:01]} 68. dxe5 {[%emt 0:00:00]} Be2 {[%emt 0:00:08]} 69. Nd4 {[%emt 0:00:03]} 1-0

[Event "Magnus Carlsen Invitational 2021"]
[Site "Online"]
[Date "2021.03.10"]
[Round "10.4"]
[White "Radjabov, Teimour"]
[Black "Carlsen, Magnus"]
[Result "1/2-1/2"]
[WhiteElo "2758"]
[BlackElo "2881"]
[Annotator "TA"]
[PlyCount "69"]
[EventDate "2021.03.13"]
[EventType "tourn"]
[EventCountry "NET"]
[SourceTitle "playchess.com"]
[Source "ChessBase"]
[SourceQuality "1"]

{[%evp 20,69,24,10,9,10,25,10,13,13,6,-16,-20,-16,-10,-20,-10,-28,0,0,0,0,0,0,0,0,0,-4,0,0,0,0,0,0,0,0,0,0,0,0,0,0,0,0,0,0,0,0,0,0,0,0]} 1. d4 d5 2. c4 e6 3. Nf3 Nf6 4. Nc3 c6 5. Bg5 h6 6. Bh4 Be7 7. e3 Nbd7 8. Bd3 O-O 9. O-O dxc4 10. Bxc4 b5 11. Bd3 Bb7 {The main line 11...Bb7 scores better than 11...a6. D60: Queen's Gambit Declined: Classical: Unusual White 7th moves.} 12. a3 a5 13. Qe2 b4 14. Na4 c5 15. Bxf6 Bxf6 {[#]} 16. Nxc5 $146 ({Predecessor:} 16. dxc5 Bxf3 17. gxf3 Rc8 18. Rfd1 Qe7 19. axb4 axb4 20. Rac1 Nxc5 21. Nxc5 Rxc5 22. Rxc5 Qxc5 23. b3 Rd8 {½-½ (23) Bajzelj,P (2049)-Jukan,N (2015) Ljubljana 2014}) 16... Nxc5 17. dxc5 Rc8 18. Rfc1 Be7 (18... b3 {with more complications.} 19. Rab1 Bxf3 20. gxf3 Qd5 21. Be4 Qg5+) 19. Ba6 {The position is equal.} Bxf3 20. Qxf3 Rxc5 21. Rxc5 Bxc5 22. axb4 Bxb4 23. Qe2 Qf6 24. Rd1 Rb8 25. b3 g6 26. Bc4 h5 27. g3 Rd8 28. Rxd8+ Qxd8 29. Qd3 Qxd3 30. Bxd3 $11 {KB-KB} Kg7 31. Kg2 Bc5 32. Kf3 Bb4 33. Kg2 Bc5 34. Kf3 Bb4 35. Kg2 {Not much happened in this game.  Weighted Error Value: White=0.03/Black=0.02} 1/2-1/2

[Event "Magnus Carlsen Invitational 2021"]
[Site "Online"]
[Date "2021.03.10"]
[Round "10.5"]
[White "Pichot, Alan"]
[Black "Firouzja, Alireza"]
[Result "0-1"]
[WhiteElo "2548"]
[BlackElo "2703"]
[Annotator "TA"]
[PlyCount "78"]
[EventDate "2021.03.13"]
[EventType "tourn"]
[EventCountry "NET"]
[SourceTitle "playchess.com"]
[Source "ChessBase"]
[SourceQuality "1"]

{[%evp 9,78,0,26,8,47,46,35,31,29,24,24,16,41,14,25,0,0,0,7,-18,-10,-14,9,5,6,-2,57,-24,-10,-50,-49,-44,-47,-164,-162,-150,-88,-86,-79,-61,-65,-102,-105,-271,-254,-262,-149,-143,-141,-142,-141,-226,-225,-402,-389,-527,-525,-584,-554,-760,-566,-552,-543,-849,-826,-29990,-29991,-29991,-29992,-29992,-29975]} 1. e4 c6 2. Nf3 d5 3. d3 g6 4. Qe2 Bg7 5. g3 Bg4 6. Bg2 {B10: Caro-Kann: 2 d3 and 2 c4.} e6 7. O-O Ne7 8. h3 {White is slightly better.} Bxf3 9. Bxf3 O-O 10. Bg2 {[#]} a5 $146 ({Predecessor:} 10... Nd7 11. c3 e5 12. b3 Qc7 13. Ba3 Nb6 14. Nd2 Rfe8 15. Rac1 Rad8 16. h4 Nbc8 {1-0 (47) Sanal,V (2581)-Sevgi,V (2359) Antalya 2020}) 11. Kh2 a4 12. a3 Re8 13. f4 c5 14. c3 Nbc6 15. Be3 Qb6 16. Qc2 d4 17. Bg1 Qb3 (17... e5 $11) 18. Rc1 ({Better is} 18. Qxb3 $1 $14 axb3 19. e5) 18... Red8 19. Qxb3 axb3 20. e5 g5 {aiming for ...gxf4.} 21. Be4 (21. cxd4 $15 gxf4 22. gxf4) 21... gxf4 $19 22. gxf4 Bh6 (22... Ng6 $142 $1 {[%cal Rg6f4]} 23. cxd4 Nxd4) 23. Rf1 $17 Ng6 24. Kg3 Kh8 25. Nd2 {[#]} dxc3 $1 26. Nxb3 {This move loses the game for White.} (26. bxc3 $17 Ncxe5 27. Nxb3 Nxd3 28. Nxc5 Bxf4+ 29. Kg2 Nxc5 30. Bxc5) 26... cxb2 $19 27. Rab1 {[#]} c4 (27... b6 $1 $19 28. Rxb2 Rxa3) 28. dxc4 $17 Rxa3 29. Rxb2 Na5 $36 {[%mdl 2048] Black is in control.} 30. Bb6 (30. Bxg6 $17 {was forced.} hxg6 31. Rf3 Nxc4 32. Rc2) 30... Nxb3 $19 ({Don't do} 30... Nxc4 31. Bxd8 Nxb2 32. Bc2) 31. Rf3 $2 (31. Bxd8 Nd2+ 32. Rf3 Bxf4+ 33. Kg2 Nxf3 34. Bxf3) 31... Bxf4+ 32. Kg4 Bxe5 ({Less strong is} 32... h5+ 33. Kxh5 Nxe5 34. Bxd8 $17) 33. Bxg6 Bxb2 34. Rxf7 hxg6 35. Bxd8 Nc5 36. Bb6 Ne4 37. Rxb7 Be5 {Black mates.} 38. Bd8 Rg3+ 39. Kh4 Nd6 {[%cal Rd6f5][%mdl 64] Double Attack.  Weighted Error Value: White=0.73/Black=0.15} 0-1